Frank lloyd wright. Su vida y obra : (Registro nro. 2932)

Detalles MARC
000 -LEADER
longitud fija campo de control 00474Cam#a22001935a#4500
003 - IDENTIFICADOR DE NUMERO DE CONTROL
control del campo AR-RoUNA
008 - CAMPO DE CONTROL - LIBROS
longitud fija campo de control 140529||||||||||||||||| |||| 0|||| d
040 ## - ORIGEN DE LA CATALOGACION
Agencia que cataloga la obra original AR-RoUNA
Idioma en que se cataloga spa
041 ## - CODIGO DE IDIOMA
Codigo de idioma del texto / sonido o titulo separado spa
080 ## - CDU
Numero de clasificacion 72.036
092 ## - SIGNATURA TOPOGRAFICA
Libristica W949
100 1# - ASIENTO PRINCIPAL - NOMBRE PERSONAL
Nombre personal Forsee, Aylesa
9 (RLIN) 17815
245 ## - TITULO PROPIAMENTE DICHO
Titulo Frank lloyd wright. Su vida y obra :
260 ## - EDITORIAL - PUBLICACION, DISTRIBUCION, ETC. (Pie de imprenta)
Lugar de publicacion, distribucion, etc Buenos Aires :
Nombre del editor, distribuidor, etc Victor Leru Srl
300 ## - DESCRIPCION FISICA
Extension 224 p. :
Otros detalles fisicos il.,
653 ## - MATERIA - PALABRAS CLAVES
Palabras claves Wright, Frank Lloyd
930 ## - ACCESION
Numero de accesion (NR) 2260
945 ## - INFORMACION DE PROCESAMIENTO
Fecha de ingreso o modificacion 2023-10-27
980 ## - DECLARACIÓN DE EQUIVALENCIA O SERIE DE REFERENCIA CRUZADA - NOMBRE / TÍTULO PERSONAL [LOCAL, CANADÁ]
Código del operador que modifico el registro 6
Nombre del operador que modifico el registro Mirna Bonanno Potro
Existencias
Estado retiro Estado perdido Sistema de clasificacion Estado general Biblioteca de origen Ubicacion actual Fecha de adquisicion Prestamos totales Signatura y librística Proveedor Tipo de elemento KOHA
Disponible Disponible cdu No dañado Arq. Hilarión H. Larguia Arq. Hilarión H. Larguia 29/05/2014   72.036 W949 3125 Libro